000 00293nam a22001337a 4500
003 SGT
020 _a81-8061-657-6
082 _a616.075
_bL06M
100 _aMEHDI, S.R.
245 _aLABORATORY PROCEDURES IN HEMATOLOGY
260 _aINDIA
_bJAYPEE
_c2006
300 _a96
942 _2ddc
_cBK
999 _c15871
_d15871